Gerontology / גרונטולוגיה

محفوظ في:

التنسيق: دورية

اللغة: Undetermined

منشور في: JSTOR
Israel Gerontological Society / האגודה הישראלית לגרונטולוגיה

الموضوعات:

الوصول للمادة أونلاين: Login to view Source

الوسوم: إضافة وسم

لا توجد وسوم, كن أول من يضع وسما على هذه التسجيلة!

رقم الطلب:

LEADER 00748nas a2200193Ia 4500
008 220214c99999999xx |||||||||||| ||und||
022 |a 0334-2360 
022 |a 2410-7085 
245 0 0 |a Gerontology / גרונטולוגיה 
264 1 |b JSTOR 
264 1 |b Israel Gerontological Society / האגודה הישראלית לגרונטולוגיה 
362 0 |a (1974)-לח (2011) 
653 1 0 |a Medicine & Allied Health 
653 1 0 |a Social Sciences 
653 1 0 |a Social Work 
856 4 0 |u https://www.jstor.org/journal/gerontology 
942 |c JL 
952 |0 0  |1 0  |4 0  |7 1  |9 35054  |a JSR  |b JSR  |d 2022-02-14  |l 0  |r 2022-02-14 00:00:00  |w 2022-02-14  |y JL 
999 |c 43387  |d 43387